00894nam a2200217 a 450000100100000000500170001000800410002702000180006804000250008608200150011110000470012624501050017326000380027830000210031649000430033750000700038070000460045083000500049695201130054699900170065900004213420201002035948.0131114s2009 gt 000 0 spa d a9789992212721 aDO-SdBNPbspacBNPHU axxxbM774c1 aMonteforte Toledo, Mariod1911-200392385313aLa cueva sin quietud :bcuentos /cMario Monteforte Toledo ; edición Jusé Luis Perdomo Orellana. aGuatemala :bPiedra Santa,c2009. a198 p. ;c21 cm.1 aFundación Mario Monteforte Toledov4 aIncluye datos biográficos del autor en la solapa de la cubierta12aPerdomo Orellana, Jusé Luiseed.969129 0aFundación Mario Monteforte Toledon4969130 001050718MOaGRbGRcCTd2013-11-14iLF1l0oxxx M774cp42134-10r2020-06-25w2020-06-25y1ZNo se presta c41623d41623